| 000 | 00944nam a2200265 c 4500 | ||
|---|---|---|---|
| 003 | BLK | ||
| 005 | 20180413122138.0 | ||
| 008 | 180408b bul|||||r ||||||| ||bul|| | ||
| 010 | _aKNG00046668000 | ||
| 020 |
_a0-88167-892-9 _bиздат.: Raven Press |
||
| 040 | _aBLK | ||
| 041 |
_aENG _cENG |
||
| 080 |
_aБолести на ендокарда - Ендокардит, недостатъчност и стеснение на клапите на сърцето, митрална стеноза, митрална недостатъчност и др. _b616.126 _x _z616.126 |
||
| 139 |
_aInfective endocarditis _bI 60 |
||
| 245 | 1 | 0 | _aInfective endocarditis |
| 250 | _a2. ed | ||
| 260 |
_аNew York _bRaven Press _c1992 |
||
| 300 |
_aXIV, 497 с. _bс ил. _c26 см |
||
| 380 | _a61 | ||
| 852 | _aЦб ІІ 11127 | ||
| 856 | 4 |
_qpdf _u |
|
| 856 | 4 |
_qpdf _u |
|
| 942 |
_cKNG _n0 |
||
| 944 |
_aCR _c01.01.1999 _kКети_Илиева |
||
| 944 |
_aED _c17.10.2006 _k |
||
| 999 |
_c42984 _d42984 |
||